[Event "Aragon-chT Preferente Gr II"]
[Site "Aragon"]
[Date "2023.02.11"]
[Round "3.55"]
[White "Bailo Remacha, Santiago"]
[Black "Manguez Cambra, Jose Luis"]
[Result "1-0"]
[WhiteElo "1928"]
[BlackElo "1730"]
[PlyCount "95"]
[EventDate "2023.01.28"]
[EventType "team-tourn"]
[EventRounds "9"]
[EventCountry "ESP"]
[SourceTitle "EXT 2024"]
[Source "ChessBase"]
[SourceDate "2023.10.10"]
[SourceVersion "1"]
[SourceVersionDate "2023.10.10"]
[SourceQuality "1"]
[WhiteTeam "El Olivar II"]
[BlackTeam "Las Fuentes II"]
[WhiteTeamCountry "ESP"]
[BlackTeamCountry "ESP"]

1. b3 Nf6 2. Bb2 e6 3. c4 b6 4. Nf3 Bb7 5. d4 Bb4+ 6. Nbd2 d5 7. a3 Bd6 8. e3 Nbd7 9. b4 c5 10. b5 0-0 11. Bd3 Qe7 12. 0-0 e5 13. dxc5 bxc5 14. Nh4 g6 15. cxd5 Nxd5 16. Qg4 h5 17. Qh3 Bc8 18. Qf3 N7b6 19. g3 Bg4 20. Qh1 Rac8 21. Rae1 Rfd8 22. Nc4 Nxc4 23. Bxc4 Nb6 24. Nxg6 Qg5 25. Nxe5 Bxe5 26. Bxf7+ Kxf7 27. f4 Bxf4 28. Rxf4+ Kg8 29. Bf6 Qd5 30. Bxd8 Rxd8 31. Qxd5+ Rxd5 32. a4 Nd7 33. Ref1 Ne5 34. Rf8+ Kg7 35. Ra8 Nf3+ 36. Kg2 Rd2+ 37. Rf2 c4 38. Rxa7+ Kg6 39. Rxd2 Nxd2 40. b6 c3 41. b7 Bf3+ 42. Kf2 c2 43. b8Q c1Q 44. Qd6+ Kg5 45. Rg7+ Kf5 46. Rf7+ Kg5 47. Qf6+ Kg4 48. Qf4+ 1-0

[Event "Aragon-chT Preferente"]
[Site "Aragon"]
[Date "2021.04.17"]
[Round "5.33"]
[White "Bailo Remacha, Santiago"]
[Black "Lopez Guaita, Fernando"]
[Result "0-1"]
[WhiteElo "1948"]
[BlackElo "1830"]
[PlyCount "114"]
[EventDate "2021.03.13"]
[EventType "team-tourn"]
[EventRounds "9"]
[EventCountry "ESP"]
[SourceTitle "EXT 2024"]
[Source "ChessBase"]
[SourceDate "2023.10.10"]
[SourceVersion "1"]
[SourceVersionDate "2023.10.10"]
[SourceQuality "1"]
[WhiteTeam "El Olivar II"]
[BlackTeam "Utebo San Lamberto"]
[WhiteTeamCountry "ESP"]
[BlackTeamCountry "ESP"]

1. c4 e5 2. Nc3 Nf6 3. g3 Bc5 4. Bg2 0-0 5. Nf3 e4 6. Ne5 Bd4 7. f4 d6 8. Nxf7 Rxf7 9. Nxe4 Nxe4 10. Bxe4 c6 11. e3 Bb6 12. Qh5 g6 13. Qf3 Bf5 14. Bxf5 Rxf5 15. h4 Nd7 16. g4 Rf7 17. g5 Qe7 18. Kd1 Re8 19. b3 Qe4 20. Qxe4 Rxe4 21. Rh3 d5 22. d3 Re6 23. Kc2 Rfe7 24. d4 Re4 25. c5 Bc7 26. Kd3 Nf8 27. Bd2 Ne6 28. h5 Bxf4 29. exf4 Rxd4+ 30. Kc3 Re4 31. hxg6 Nxf4 32. Bxf4 Rxf4 33. Rah1 hxg6 34. Rh8+ Kf7 35. R1h7+ Ke6 36. Rxe7+ Kxe7 37. Rb8 Rf7 38. Rxb7+ Ke6 39. Rxf7 Kxf7 40. Kd4 Ke6 41. b4 a6 42. a4 Kd7 43. b5 cxb5 44. axb5 axb5 45. Kxd5 Kc7 46. c6 b4 47. Kc4 Kxc6 48. Kxb4 Kd5 49. Kc3 Ke4 50. Kd2 Kf4 51. Ke2 Kxg5 52. Kf3 Kh4 53. Kg2 Kg4 54. Kh2 Kf3 55. Kh3 g5 56. Kh2 g4 57. Kg1 Kg3 0-1

[Event "Aragon-chT Preferente Gr-II"]
[Site "Aragon"]
[Date "2019.03.23"]
[Round "9.66"]
[White "Bailo Remacha, Santiago"]
[Black "Farinas Argudo, Adrian"]
[Result "1/2-1/2"]
[WhiteElo "1965"]
[BlackElo "1794"]
[PlyCount "132"]
[EventDate "2019.01.26"]
[EventType "team-tourn"]
[EventRounds "9"]
[EventCountry "ESP"]
[SourceTitle "EXT 2020"]
[Source "ChessBase"]
[SourceDate "2019.10.17"]
[SourceVersion "1"]
[SourceVersionDate "2019.10.17"]
[SourceQuality "1"]
[WhiteTeam "El Olivar II"]
[BlackTeam "Marcos Frechin II"]
[WhiteTeamCountry "ESP"]
[BlackTeamCountry "ESP"]

1. c4 e5 2. g3 d6 3. Bg2 Nc6 4. Nc3 Be6 5. b3 Qd7 6. Bb2 Nf6 7. Nd5 Bxd5 8. cxd5 Nb4 9. d4 e4 10. Qb1 Qe7 11. a3 Nbxd5 12. e3 Nb6 13. d5 Nbxd5 14. Ne2 g6 15. 0-0 Bg7 16. Bxe4 Nxe4 17. Bxg7 Rg8 18. Qd3 Nxe3 19. Qxe3 Rxg7 20. Rfe1 Nc5 21. Qc3 Kf8 22. Nf4 Qd7 23. Nd5 f5 24. Nf6 Qf7 25. Re3 Nd7 26. Nxd7+ Qxd7 27. Rae1 Rc8 28. Re6 b6 29. Qd4 Kg8 30. Qf6 Rf8 31. Qg5 d5 32. h4 Rff7 33. Re8+ Rf8 34. R8e5 Rff7 35. Qd2 c6 36. Qe2 c5 37. Qd3 d4 38. Re8+ Rf8 39. Qc4+ Qf7 40. R8e6 h6 41. Qd5 Kh7 42. Qd6 h5 43. a4 Rfg8 44. a5 Qd7 45. Rxg6 Qxd6 46. Rxd6 Rg6 47. Rd5 Rf8 48. axb6 axb6 49. Ree5 Rgf6 50. Kg2 Kg6 51. Kf3 Rc8 52. Kf4 Rcc6 53. f3 Rce6 54. Rxe6 Rxe6 55. b4 Rc6 56. Ke5 cxb4 57. Rxd4 Rc5+ 58. Kf4 Rb5 59. Rd6+ Kg7 60. Kg5 b3 61. Rd7+ Kg8 62. Rd1 b2 63. Rb1 Rb3 64. Kxh5 Rxf3 65. Rxb2 Rxg3 66. Rxb6 Kg7 1/2-1/2

[Event "Aragon-chT Preferente Gr-II"]
[Site "Aragon"]
[Date "2019.02.09"]
[Round "3.55"]
[White "Bailo Remacha, Santiago"]
[Black "Agustin De Dios, Adrian"]
[Result "1-0"]
[WhiteElo "1965"]
[BlackElo "1717"]
[PlyCount "45"]
[EventDate "2019.01.26"]
[EventType "team-tourn"]
[EventRounds "9"]
[EventCountry "ESP"]
[SourceTitle "EXT 2020"]
[Source "ChessBase"]
[SourceDate "2019.10.17"]
[SourceVersion "1"]
[SourceVersionDate "2019.10.17"]
[SourceQuality "1"]
[WhiteTeam "El Olivar II"]
[BlackTeam "Fraga"]
[WhiteTeamCountry "ESP"]
[BlackTeamCountry "ESP"]

1. g3 e5 2. Bg2 Nf6 3. c4 Bc5 4. Nc3 Nc6 5. e3 0-0 6. Nf3 d6 7. 0-0 a6 8. d4 Ba7 9. a3 Bg4 10. h3 Bd7 11. b4 Qc8 12. Kh2 exd4 13. exd4 Nd8 14. Bg5 Bf5 15. Bxf6 gxf6 16. Nd5 Kg7 17. Nh4 Bg6 18. Qf3 Bxd4 19. Ne7 Qe6 20. Nef5+ Kg8 21. Nxd4 Qxc4 22. Qxf6 Ne6 23. Ndf5 1-0

[Event "Aragon-chT Preferente A"]
[Site "Aragon"]
[Date "2017.03.18"]
[Round "8.39"]
[White "Mombiela de Sus, Jose Luis"]
[Black "Bailo Remacha, Santiago"]
[Result "0-1"]
[WhiteElo "1911"]
[BlackElo "1957"]
[PlyCount "58"]
[EventDate "2017.01.28"]
[EventType "team-tourn"]
[EventRounds "9"]
[EventCountry "ESP"]
[SourceTitle "EXT 2018"]
[Source "ChessBase"]
[SourceDate "2017.10.13"]
[SourceVersion "1"]
[SourceVersionDate "2017.10.13"]
[SourceQuality "1"]
[WhiteTeam "Las Fuentes"]
[BlackTeam "El Olivar II"]
[WhiteTeamCountry "ESP"]
[BlackTeamCountry "ESP"]

1. e4 c5 2. Nf3 d6 3. Bb5+ Bd7 4. Bxd7+ Qxd7 5. 0-0 Nc6 6. Qe2 g6 7. c3 Bg7 8. Rd1 e5 9. a3 f5 10. exf5 gxf5 11. d4 cxd4 12. Nxd4 0-0-0 13. Nxc6 Qxc6 14. c4 e4 15. Bg5 Rd7 16. Qe3 b6 17. Nc3 Nf6 18. Bxf6 Bxf6 19. Nd5 Bxb2 20. Rab1 Be5 21. Rb5 Rg7 22. Qh3 Rf8 23. a4 Kb8 24. f4 exf3 25. Qxf3 Qxc4 26. Qf2 Rfg8 27. g3 Bxg3 28. Rxb6+ axb6 29. Qxb6+ Rb7 0-1

[Event "Aragon-chT Honor Descenso"]
[Site "Aragon"]
[Date "2016.04.09"]
[Round "10.18"]
[White "Bailo Remacha, Santiago"]
[Black "Roque Sola, Jose Luis"]
[Result "0-1"]
[WhiteElo "2036"]
[BlackElo "2066"]
[PlyCount "70"]
[EventDate "2016.03.19"]
[EventType "team-tourn"]
[EventRounds "10"]
[EventCountry "ESP"]
[SourceTitle "EXT 2018"]
[Source "ChessBase"]
[SourceDate "2017.10.13"]
[SourceVersion "1"]
[SourceVersionDate "2017.10.13"]
[SourceQuality "1"]
[WhiteTeam "El Olivar II"]
[BlackTeam "Agrupacion II"]
[WhiteTeamCountry "ESP"]
[BlackTeamCountry "ESP"]

1. d4 e6 2. c4 Nf6 3. Nc3 Bb4 4. Qc2 c5 5. Nf3 Nc6 6. e3 0-0 7. Bd2 cxd4 8. exd4 d5 9. c5 Re8 10. Be2 e5 11. Nb5 Bxd2+ 12. Nxd2 a6 13. Nd6 Nxd4 14. Qd3 Re7 15. 0-0 Ne8 16. Nxc8 Rxc8 17. b4 Nc7 18. Bg4 Nce6 19. Rfe1 e4 20. Qc3 f5 21. Be2 Qc7 22. Nb3 Qe5 23. Nxd4 Nxd4 24. Rac1 f4 25. Bg4 Rd8 26. Red1 Nc6 27. Qb3 h5 28. Be2 Nd4 29. Rxd4 Qxd4 30. Rd1 Qe5 31. a4 Kh8 32. b5 axb5 33. axb5 d4 34. c6 bxc6 35. bxc6 d3 0-1

[Event "Aragon-chT Preferente B"]
[Site "Aragon"]
[Date "2014.03.15"]
[Round "8.62"]
[White "Bailo Remacha, Santiago"]
[Black "Landa Garriga, Francisco Javier"]
[Result "1-0"]
[WhiteElo "2016"]
[BlackElo "1857"]
[PlyCount "71"]
[EventDate "2014.01.25"]
[EventType "team-tourn"]
[EventRounds "9"]
[EventCountry "ESP"]
[SourceTitle "EXT 2015"]
[Source "ChessBase"]
[SourceDate "2014.11.20"]
[SourceVersion "1"]
[SourceVersionDate "2014.11.20"]
[SourceQuality "1"]
[WhiteTeam "El Olivar III"]
[BlackTeam "Aragon ONCE II"]
[WhiteTeamCountry "ESP"]
[BlackTeamCountry "ESP"]

1. c4 Nf6 2. Nc3 g6 3. Nf3 Bg7 4. g3 0-0 5. Bg2 d6 6. d4 Nc6 7. 0-0 e5 8. d5 Ne7 9. e4 Ne8 10. Be3 f5 11. Qd2 Nf6 12. exf5 Bxf5 13. Nh4 Qd7 14. Nxf5 Nxf5 15. Bh3 Qf7 16. f4 e4 17. g4 Nxe3 18. Qxe3 Qe7 19. g5 Nd7 20. Be6+ Kh8 21. Nxe4 c5 22. Qe2 Bd4+ 23. Kg2 a6 24. a4 a5 25. Rae1 Rae8 26. h4 b6 27. b3 Nb8 28. h5 Kg7 29. Qg4 Na6 30. Ng3 Qc7 31. f5 gxf5 32. Nxf5+ Kh8 33. Nxd4 cxd4 34. h6 Qc5 35. Bf7 Rg8 36. Qf4 1-0

[Event "Aragon-chT Preferente B"]
[Site "Aragon"]
[Date "2014.02.08"]
[Round "3.70"]
[White "Bailo Remacha, Santiago"]
[Black "Sebastian Bespin, Ruben"]
[Result "1-0"]
[WhiteElo "2016"]
[BlackElo "2153"]
[PlyCount "115"]
[EventDate "2014.01.25"]
[EventType "team-tourn"]
[EventRounds "9"]
[EventCountry "ESP"]
[SourceTitle "EXT 2015"]
[Source "ChessBase"]
[SourceDate "2014.11.20"]
[SourceVersion "1"]
[SourceVersionDate "2014.11.20"]
[SourceQuality "1"]
[WhiteTeam "El Olivar III"]
[BlackTeam "Marcos Frechin"]
[WhiteTeamCountry "ESP"]
[BlackTeamCountry "ESP"]

1. g3 e6 2. Bg2 c5 3. c4 Nc6 4. Nc3 g6 5. b3 Bg7 6. Bb2 d6 7. Nf3 Nge7 8. Na4 e5 9. e3 0-0 10. d4 exd4 11. exd4 Bg4 12. dxc5 Bxb2 13. Nxb2 Bxf3 14. Bxf3 Qa5+ 15. Qd2 Qxd2+ 16. Kxd2 dxc5 17. Nd3 Rad8 18. Kc3 b6 19. Rhe1 Rd6 20. Nf4 Rfd8 21. Bxc6 Nxc6 22. Nd5 Nd4 23. Re7 b5 24. Rae1 b4+ 25. Kb2 a5 26. Re8+ Rxe8 27. Rxe8+ Kg7 28. Rc8 Nc6 29. Kc2 g5 30. h3 Re6 31. Kd2 h5 32. g4 hxg4 33. hxg4 Nd4 34. Rxc5 Nc6 35. Ne3 Kg6 36. Nf5 Ne5 37. Nd4 Rd6 38. Rxe5 Rxd4+ 39. Ke3 Rxg4 40. Rxa5 f5 41. Ra6+ Kf7 42. Rb6 Re4+ 43. Kf3 g4+ 44. Kg3 Re2 45. Rxb4 Rxa2 46. c5 Rc2 47. Rc4 Rb2 48. b4 Ke7 49. Rf4 Rb3+ 50. Kh4 Ke6 51. Kg5 g3 52. fxg3 Rxg3+ 53. Kh4 Rb3 54. Rc4 Kd7 55. c6+ Kc7 56. Kg5 Rf3 57. b5 Rh3 58. b6+ 1-0

[Event "Aragon-chT Preferente A"]
[Site "Aragon"]
[Date "2012.03.17"]
[Round "7.44"]
[White "Bailo Remacha, Santiago"]
[Black "Artal Alegria, Francisco Javier"]
[Result "1/2-1/2"]
[WhiteElo "2027"]
[BlackElo "1957"]
[PlyCount "158"]
[EventDate "2012.02.04"]
[EventType "team"]
[EventRounds "9"]
[EventCountry "ESP"]
[SourceTitle "EXT 2014"]
[Source "ChessBase"]
[SourceDate "2013.11.20"]
[SourceVersion "1"]
[SourceVersionDate "2013.11.20"]
[SourceQuality "1"]
[WhiteTeam "Olivar II"]
[BlackTeam "Las Fuentes"]
[WhiteTeamCountry "ESP"]
[BlackTeamCountry "ESP"]

1. Nf3 Nf6 2. g3 c5 3. Bg2 Nc6 4. c4 d5 5. cxd5 Nxd5 6. Nc3 Nc7 7. 0-0 e5 8. b3 Be7 9. d3 0-0 10. Bb2 Be6 11. Rc1 f6 12. Na4 b6 13. Ng5 Bd7 14. Nf3 Rb8 15. e3 Qc8 16. d4 exd4 17. exd4 Rd8 18. dxc5 b5 19. Nc3 Bxc5 20. Nd5 Be6 21. Rxc5 Rxd5 22. Qc2 Rxc5 23. Qxc5 Na6 24. Qe3 Bh3 25. Rc1 Bxg2 26. Kxg2 Qd7 27. Qe4 Rb6 28. Nd4 Nxd4 29. Bxd4 Qb7 30. Qxb7 Rxb7 31. Rc6 Nb4 32. Rc8+ Kf7 33. a3 Rd7 34. Bxa7 Rxa7 35. axb4 Rd7 36. Rc5 Rd3 37. Rxb5 Rxb3 38. Rb7+ Kg6 39. b5 Kh6 40. b6 Kg6 41. Kf1 Rb2 42. Kg2 Rb3 43. g4 Kh6 44. f3 Rb2+ 45. Kg3 g5 46. h4 Kg6 47. h5+ Kh6 48. Rb8 Kg7 49. b7 h6 50. Kh3 Rb1 51. Kg2 Rb2+ 52. Kf1 Rb1+ 53. Ke2 Rb2+ 54. Kd3 Rb3+ 55. Kc4 Rb1 56. Kc3 Rb6 57. Kd4 Rb1 58. Kc5 Rc1+ 59. Kd6 Rd1+ 60. Ke6 Re1+ 61. Kd5 Rd1+ 62. Kc4 Rb1 63. Rc8 Rxb7 64. Kd5 Kf7 65. Rc3 Ra7 66. Kd6 Ra6+ 67. Kd5 Ra7 68. Rc5 Rd7+ 69. Ke4 Re7+ 70. Kf5 Ra7 71. f4 Rb7 72. fxg5 fxg5 73. Rd5 Ra7 74. Ke5 Re7+ 75. Kd4 Ra7 76. Rd6 Ra4+ 77. Ke5 Rxg4 78. Rxh6 Kg7 79. Rg6+ Kh7 1/2-1/2

[Event "Aragon-chT Preferente A"]
[Site "Aragon"]
[Date "2012.02.18"]
[Round "3.36"]
[White "Montes Santos, Lorenzo"]
[Black "Bailo Remacha, Santiago"]
[Result "1-0"]
[WhiteElo "2035"]
[BlackElo "2027"]
[PlyCount "85"]
[EventDate "2012.02.04"]
[EventType "team"]
[EventRounds "9"]
[EventCountry "ESP"]
[SourceTitle "EXT 2014"]
[Source "ChessBase"]
[SourceDate "2013.11.20"]
[SourceVersion "1"]
[SourceVersionDate "2013.11.20"]
[SourceQuality "1"]
[WhiteTeam "Helios"]
[BlackTeam "Olivar II"]
[WhiteTeamCountry "ESP"]
[BlackTeamCountry "ESP"]

1. Nf3 c5 2. c4 Nc6 3. d4 cxd4 4. Nxd4 g6 5. Nc3 Bg7 6. e3 Nf6 7. g3 0-0 8. Bg2 a6 9. 0-0 Rb8 10. b3 Qa5 11. Bb2 Nxd4 12. Qxd4 b6 13. Rfd1 e6 14. Qd2 Bb7 15. Bxb7 Rxb7 16. Rac1 Qh5 17. Kg2 Rd8 18. Qe2 Qxe2 19. Nxe2 d5 20. Bxf6 Bxf6 21. cxd5 Rxd5 22. Rxd5 exd5 23. Rc6 Be5 24. f4 Bb2 25. Kf3 Kf8 26. Rd6 d4 27. Nxd4 Ke7 28. Rc6 Bxd4 29. exd4 Kd7 30. Rc3 Rb8 31. a4 Re8 32. d5 a5 33. Rc6 Rb8 34. Ke4 b5 35. Ke5 bxa4 36. bxa4 Rb4 37. Ra6 Rxa4 38. Ra7+ Ke8 39. Kd6 Kf8 40. Kd7 Ra2 41. d6 Rxh2 42. Ra8+ Kg7 43. Rxa5 1-0

[Event "Aragon-chT Preferente A"]
[Site "Aragon"]
[Date "2012.02.11"]
[Round "2.52"]
[White "Bailo Remacha, Santiago"]
[Black "Laborda, Oscar"]
[Result "1-0"]
[WhiteElo "2027"]
[BlackElo "1692"]
[PlyCount "61"]
[EventDate "2012.02.04"]
[EventType "team"]
[EventRounds "9"]
[EventCountry "ESP"]
[SourceTitle "EXT 2014"]
[Source "ChessBase"]
[SourceDate "2013.11.20"]
[SourceVersion "1"]
[SourceVersionDate "2013.11.20"]
[SourceQuality "1"]
[WhiteTeam "Olivar II"]
[BlackTeam "Ejea"]
[WhiteTeamCountry "ESP"]
[BlackTeamCountry "ESP"]

1. c4 c6 2. Nc3 d5 3. cxd5 cxd5 4. d4 Nf6 5. g3 e6 6. Bg2 Be7 7. Nf3 Nc6 8. 0-0 a6 9. a4 Bd7 10. Ne5 0-0 11. e4 Nxe5 12. dxe5 Nxe4 13. Nxe4 dxe4 14. Bxe4 Rb8 15. Qc2 g6 16. Rd1 Qc8 17. Qxc8 Bxc8 18. Bh6 Rd8 19. Rxd8+ Bxd8 20. Rd1 Be7 21. Kg2 f5 22. Bf3 Kf7 23. h4 b6 24. Bg5 Bxg5 25. hxg5 Ke7 26. Bc6 b5 27. a5 b4 28. b3 Kf8 29. Rd8+ Kf7 30. f3 Ke7 31. Rh8 1-0

[Event "Aragon-chT Honor II"]
[Site "Spain"]
[Date "2011.02.26"]
[Round "4.30"]
[White "Guzman Moneo, Alberto"]
[Black "Bailo Remacha, Santiago"]
[Result "1/2-1/2"]
[WhiteElo "2170"]
[BlackElo "2044"]
[PlyCount "131"]
[EventDate "2011.02.05"]
[EventType "team-tourn"]
[EventRounds "7"]
[EventCountry "ESP"]
[SourceTitle "EXT 2013"]
[Source "ChessBase"]
[SourceDate "2012.11.22"]
[SourceVersion "1"]
[SourceVersionDate "2012.11.22"]
[SourceQuality "1"]
[WhiteTeam "Shatranj"]
[BlackTeam "Olivar II"]
[WhiteTeamCountry "ESP"]
[BlackTeamCountry "ESP"]

1. e4 c5 2. Nc3 d6 3. f4 Nf6 4. Nf3 a6 5. a4 e6 6. g3 b6 7. d4 Bb7 8. Qe2 d5 9. e5 Ne4 10. Bg2 cxd4 11. Nxd4 Nxc3 12. bxc3 Qc7 13. Bd2 Nd7 14. 0-0 Bc5 15. f5 Qxe5 16. Qxe5 Nxe5 17. fxe6 f6 18. Kh1 Nc4 19. Bf4 Bxd4 20. cxd4 Ke7 21. Rfe1 Rac8 22. Rab1 Rhd8 23. h4 Rc6 24. Bh3 Na3 25. Rb2 Nxc2 26. Reb1 Nxd4 27. Rxb6 Ba8 28. Rxc6 Nxc6 29. Bc7 Rc8 30. Bb6 Ne5 31. Ba5 d4+ 32. Kg1 d3 33. Bb4+ Ke8 34. Bd6 d2 35. Kf2 Rd8 36. Bxe5 d1Q 37. Rxd1 Rxd1 38. Bc7 Bc6 39. a5 Ke7 40. Bb6 Rc1 41. h5 Bd5 42. Bf5 h6 43. Bd3 Bc4 44. Be3 Rc3 45. Bg6 Bxe6 46. Bd4 Rc4 47. Bb6 f5 48. Ke3 Re4+ 49. Kd3 Bd7 50. Bc5+ Ke6 51. Bd4 Rg4 52. Bxg7 Rxg3+ 53. Kd4 Ra3 54. Bxh6 Rxa5 55. Bg7 Ra4+ 56. Kc5 Rg4 57. h6 Rxg6 58. h7 Rxg7 59. h8Q Rf7 60. Qh6+ Rf6 61. Qf4 Kf7 62. Kd4 Rg6 63. Qc7 Rg4+ 64. Ke5 Re4+ 65. Kd5 Re7 66. Qd8 1/2-1/2

[Event "Aragon-chT Preferente"]
[Site "Spain"]
[Date "2010.02.20"]
[Round "5.35"]
[White "Bailo Remacha, Santiago"]
[Black "Gutierrez Mingueza, Ruben"]
[Result "0-1"]
[WhiteElo "1991"]
[BlackElo "2063"]
[PlyCount "110"]
[EventDate "2010.01.23"]
[EventType "team-swiss"]
[EventRounds "12"]
[EventCountry "ESP"]
[SourceTitle "EXT 2013"]
[Source "ChessBase"]
[SourceDate "2012.11.22"]
[SourceVersion "1"]
[SourceVersionDate "2012.11.22"]
[SourceQuality "1"]
[WhiteTeam "El Olivar II"]
[BlackTeam "San Jose"]
[WhiteTeamCountry "ESP"]
[BlackTeamCountry "ESP"]

1. Nf3 Nf6 2. g3 c5 3. Bg2 Nc6 4. c4 d5 5. cxd5 Nxd5 6. 0-0 e5 7. Nc3 Nc7 8. d3 Be7 9. Be3 0-0 10. Na4 b6 11. Rc1 Bd7 12. Nc3 Rc8 13. h4 Kh8 14. Bg5 f6 15. Bd2 Nd4 16. e3 Nxf3+ 17. Qxf3 Rb8 18. Rfd1 Be6 19. Be1 Qd7 20. Qe2 Rfd8 21. Rd2 f5 22. Rcd1 Bf6 23. f4 exf4 24. gxf4 Re8 25. e4 Bd4+ 26. Bf2 Rbd8 27. Kh2 Qf7 28. e5 b5 29. Bc6 Bd7 30. Bf3 Be6 31. a3 a6 32. Bh5 g6 33. Bf3 Nd5 34. Bxd4 Nxf4 35. Qe3 Rxd4 36. b4 Qe7 37. Qf2 cxb4 38. axb4 Red8 39. Be4 Nh5 40. Ne2 Rxb4 41. Bf3 Rxh4+ 42. Kg1 Nf4 43. Nxf4 Rxf4 44. d4 Bc4 45. Qg3 g5 46. Qf2 g4 47. Qe3 Rxf3 48. Qh6 Rh3 49. Qc6 Bd5 50. Qc2 Rh1+ 51. Kf2 Rh2+ 52. Ke3 Qg5+ 53. Kd3 Be4+ 54. Kc3 Rc8+ 55. Kb4 Rxc2 0-1